|
|
|
|
| LEADER |
01481nam a2200313 a 4500 |
| 001 |
14185039 |
| 003 |
BD-DhAAL |
| 008 |
100209r20092006ohua 001 0 eng d |
| 010 |
|
|
|a 2005938055
|
| 020 |
|
|
|a 8131502791
|
| 020 |
|
|
|a 9788131502792
|
| 020 |
|
|
|a 0324319169
|
| 020 |
|
|
|a 0324423489 (instructor's edition)
|
| 040 |
|
|
|a DLC
|c DLC
|d DLC
|d DB-DhAAL
|
| 082 |
0 |
0 |
|a 338.5
|2 22
|
| 100 |
1 |
|
|a Mankiw, N. Gregory.
|
| 245 |
1 |
0 |
|a Principles of microeconomics /
|c N. Gregory Mankiw.
|
| 250 |
|
|
|a Fourth edition.
|
| 260 |
|
|
|a Mason, OH ;
|a New Delhi :
|b Thomson South-Western,
|c c2006 [reprinted 2009].
|
| 300 |
|
|
|a xxxii, 533 pages :
|b illustrations ;
|c 26 cm.
|
| 504 |
|
|
|a Includes index.
|
| 526 |
|
|
|x Salim khan
Sr. program Associate
James P. Grant School.
Course name and no. N/A
|
| 541 |
1 |
|
|a Karim International
|e 00018665
|
| 650 |
|
0 |
|a Microeconomics.
|
| 852 |
4 |
|
|a Ayesha Abed Library
|j General Shelf
|
| 942 |
0 |
0 |
|0 4
|2 ddc
|c BK
|
| 999 |
|
|
|c 7402
|d 7402
|
| 952 |
|
|
|0 0
|1 0
|2 ddc
|4 0
|6 338_500000000000000_MAN_2009
|7 0
|9 7918
|a BRACUL
|b BRACUL
|c GEN
|d 2010-02-09
|e Karim International
|g 580.00
|l 37
|m 264
|o 338.5 MAN
|p 3010018665
|r 2024-05-08
|s 2024-04-03
|t 1
|w 2010-02-09
|y BK
|x Requisitioned by Salim khan, Sr. program Associate, James P. Grant School. Course name and no. N/A
|
| 952 |
|
|
|0 0
|1 0
|2 ddc
|4 1
|6 338_500000000000000_MAN
|7 0
|9 9068
|a BRACUL
|b BRACUL
|c SPS
|d 2010-04-07
|l 36
|m 221
|o 338.5 MAN
|p 3010018383
|r 2019-11-29
|s 2019-11-29
|t 2
|w 2010-04-07
|y BK
|x Photocopy Book. Declared as Damaged on December 10, 2023
|